000 00290nam a2200121Ia 4500
005 20260328104304.0
008 260328s9999||||xx |||||||||||||| ||und||
100 _aSmith, Adam
245 0 _aRiqueza de las Naciones III /
_cAdam Smith
260 _bOrbis
650 _aECONOMIA
942 _cBK
999 _c10700
_d10700